Central Library OPAC University of Rajshahi

Sociology & social life / (Record no. 33234)

MARC details
000 -LEADER
fixed length control field 00836cam a22002651 4500
001 - CONTROL NUMBER
control field 33234
003 - CONTROL NUMBER IDENTIFIER
rucl marc code BD-RjUL
005 - DATE AND TIME OF LATEST TRANSACTION
control field 20211209051954.0
008 - FIXED-LENGTH DATA ELEMENTS--GENERAL INFORMATION
fixed length control field 140430s1959 nyuabc b 000 0 eng
035 ## - SYSTEM CONTROL NUMBER
System control number (BD-RjUL)33325
040 ## - CATALOGING SOURCE
Original cataloging agency DLC
Transcribing agency DLC
Modifying agency BD-RjUL
Language of cataloging eng
041 ## - LANGUAGE CODE
Language code of text/sound track or separate title eng
082 00 - DEWEY DECIMAL CLASSIFICATION NUMBER
Classification number 301
Author mark and year YOS 1959
100 1# - MAIN ENTRY--PERSONAL NAME
Personal name Young, Kimball,
9 (RLIN) 100920
245 10 - TITLE STATEMENT
Title Sociology & social life /
Statement of responsibility, etc. Raymond W. Mack and Kimball Young.
260 ## - PUBLICATION, DISTRIBUTION, ETC. (IMPRINT)
Place of publication, distribution, etc. New York :
Name of publisher, distributor, etc. American Book Co. ,
Date of publication, distribution, etc. 1959
300 ## - PHYSICAL DESCRIPTION
Pagination xii, 472 p. :
Illustrations illus., maps, ports. ;
Size 24 cm.
500 ## - GENERAL NOTE
General note Authors' names appear in reverse order in previous editions.
504 ## - BIBLIOGRAPHY, ETC. NOTE
Bibliography, etc Includes bibliographies.
650 #0 - SUBJECT ADDED ENTRY--TOPICAL TERM
Topical term or geographic name as entry element Sociology.
9 (RLIN) 100921
700 1# - ADDED ENTRY--PERSONAL NAME
Personal name Mack, Raymond W.
Dates associated with a name 1893-1972
Relator term joint author.
942 ## - ADDED ENTRY ELEMENTS (KOHA)
Source of classification or shelving scheme Dewey Decimal Classification
Koha item type Books
Holdings
Lost status Source of classification or shelving scheme Damaged status Not for loan Collection code Permanent Location Current Location Shelving location Date acquired Source of acquisition Total Checkouts Full call number Date last seen Copy number Koha item type
  Dewey Decimal Classification     Non-fiction Central Library, University of Rajshahi Central Library, University of Rajshahi   01/12/1964 Asia foundation   301 YOS 1959 30/04/2014 C-2 Books